00918nam a2200193 i 4500001000700000003000900007005001700016007000300033008004100036245018200077260006700259300004100326610007300367650005200440710007300492852002000565999001900585952012000604102036ES-MaACL20230906183032.0t|051102s1913 sp ||||1| spa d00aMemoria relativa al primer período de su gestión, que presenta el Excmo. Sr. Ministro de Fomento / cJunta de Patronato de Ingenieros y Obreros Pensionados en el Extranjero. aMadrid : b[s.n.], c1913 (fSuc. de M. Minuesa de los Ríos) a187 p., 33 lám. : bil. ; c23 cm.2 aJunta de Pensiones de Ingenieros y Obreros en el Extranjero.9172461 4aTrabajadores-xFormación profesional.91648312 aJunta de Pensiones de Ingenieros y Obreros en el Extranjero.9172461 aES-MaACLjF-184 c102036d102036 00104070aATENEOMbATENEOMcDEPO2d2008-01-17eSCl0oF-184p1106521r2023-02-23 00:00:00w2023-02-23yMONOGRAFIA